000 00363nam a2200145Ia 4500
008 230917s9999||||xx |||||||||||||| ||und||
040 _e132690
_aMAIN
041 _aEnglish
082 _a658.15 M312M
100 _aMedia Learning
245 0 _aManaging financial resources adn decisions
260 _aNew Delhi
_bViva
_c2009
300 _a282p p.
942 _cBK
999 _c147704
_d147704